Optimalizácia výberu riešenia na základe multikriteriálnej funkcie pomocou vybraných IS diplomová práca

Salvato in:
Dettagli Bibliografici
Autore principale: Juhásová, Zuzana
Ente Autore: Fakulta hospodárskej informatiky EU. Katedra aplikovanej informatiky
Altri autori: Kultan, Jaroslav, 1960-
Natura: Libro
Lingua:slovacco
Pubblicazione: Bratislava 2011
Tags: Aggiungi Tag
Nessun Tag, puoi essere il primo ad aggiungerne!!

MARC

LEADER 00000nbm a2200000 4500
001 0140646
005 20161109101940.4
041 0 |a slo 
044 |a SK 
245 1 0 |a Optimalizácia výberu riešenia na základe multikriteriálnej funkcie pomocou vybraných IS  |b diplomová práca  |c Zuzana Juhásová ; školiteľ: Jaroslav Kultan 
264 1 |a Bratislava  |c 2011 
300 |a 137 s. 
100 1 |a Juhásová, Zuzana 
700 1 |a Kultan, Jaroslav, 1960- 
710 2 |a Fakulta hospodárskej informatiky EU. Katedra aplikovanej informatiky